000 00606nam a2200193Ia 4500
005 20250326144816.0
008 250326s9999 xx 000 0 und d
020 _a81-203-2888-4
037 _aTextbook
040 _aFMSL
_beng
_cFMSL
041 _aeng
_2eng
084 _aX:326 P1
_qFMSL
100 _aGrandville Olivier DE La
_9469015
245 0 _aBond pricing and portfolio analysis: protecting investors in the long run
_cGrandville Olivier DE La
260 _aNew Delhi
_bNew Delhi, Prentice Hall
_c2001
300 _axvii,455
942 _cTB
_hX:326 P1
999 _c1305148
_d1305148